<?xml version="1.0" encoding="UTF-8"?><?xml-stylesheet type="text/xsl" href="static/style.xsl"?><OAI-PMH xmlns="http://www.openarchives.org/OAI/2.0/" xmlns:xsi="http://www.w3.org/2001/XMLSchema-instance" xsi:schemaLocation="http://www.openarchives.org/OAI/2.0/ http://www.openarchives.org/OAI/2.0/OAI-PMH.xsd"><responseDate>2026-04-13T07:05:04Z</responseDate><request verb="GetRecord" identifier="oai:www.recercat.cat:10459.1/66826" metadataPrefix="marc">https://recercat.cat/oai/request</request><GetRecord><record><header><identifier>oai:recercat.cat:10459.1/66826</identifier><datestamp>2024-12-05T21:41:01Z</datestamp><setSpec>com_2072_3622</setSpec><setSpec>col_2072_479130</setSpec></header><metadata><record xmlns="http://www.loc.gov/MARC21/slim" xmlns:dcterms="http://purl.org/dc/terms/" xmlns:xsi="http://www.w3.org/2001/XMLSchema-instance" xmlns:doc="http://www.lyncode.com/xoai" xsi:schemaLocation="http://www.loc.gov/MARC21/slim http://www.loc.gov/standards/marcxml/schema/MARC21slim.xsd">
   <leader>00925njm 22002777a 4500</leader>
   <datafield ind2=" " ind1=" " tag="042">
      <subfield code="a">dc</subfield>
   </datafield>
   <datafield ind2=" " ind1=" " tag="720">
      <subfield code="a">Delpino Rius, Antoni</subfield>
      <subfield code="e">author</subfield>
   </datafield>
   <datafield ind2=" " ind1=" " tag="720">
      <subfield code="a">Eras i Joli, Jordi</subfield>
      <subfield code="e">author</subfield>
   </datafield>
   <datafield ind2=" " ind1=" " tag="720">
      <subfield code="a">Gatius Cortiella, Ferran</subfield>
      <subfield code="e">author</subfield>
   </datafield>
   <datafield ind2=" " ind1=" " tag="720">
      <subfield code="a">Balcells Fluvià, Mercè</subfield>
      <subfield code="e">author</subfield>
   </datafield>
   <datafield ind2=" " ind1=" " tag="720">
      <subfield code="a">Canela i Garayoa, Ramon</subfield>
      <subfield code="e">author</subfield>
   </datafield>
   <datafield ind2=" " ind1=" " tag="260">
      <subfield code="c">2019-10-25T17:50:02Z</subfield>
   </datafield>
   <datafield ind2=" " ind1=" " tag="260">
      <subfield code="c">2019-10-25T17:50:02Z</subfield>
   </datafield>
   <datafield ind2=" " ind1=" " tag="260">
      <subfield code="c">2019-09-10</subfield>
   </datafield>
   <datafield ind2=" " ind1=" " tag="520">
      <subfield code="a">Here we authenticated single-varietal peach purees and pear juices on the basis of primary metabolite and phenolic compound analysis by Proton Nuclear Magnetic Resonance (1H-NMR) and Ultra Performance Liquid Chromatography coupled to Photodiode Array and Tandem Mass Spectrometry (UPLC-PDA-MS/MS), respectively. After suitable preprocessing, the 1H-NMR and chromatographic data were evaluated by principal component analysis (PCA). The PCA combining data from primary metabolites and phenolic compounds allowed the separation of the clusters in all cases, allowing discrimination of processed and unprocessed peach purees, both separately and pooled. The PCA of primary metabolites allowed the cluster separation of purees of distinct peach varieties but not between processed and non-processed purees. The PCA of phenolic compounds allowed better cluster separation than of primary metabolites. For pear juices, both PCA approaches allowed satisfactory discrimination of Alejandrina, Conference, and Blanquilla cultivars. These approaches may help to better control cultivar authenticity in fruit products. It could therefore contribute to the development of a process to achieve products characterized by a quality characteristic of a given cultivar.</subfield>
   </datafield>
   <datafield ind2=" " ind1=" " tag="520">
      <subfield code="a">This research was funded by the Catalan Government, grant number [2017 SGR 828].</subfield>
   </datafield>
   <datafield ind1="8" ind2=" " tag="024">
      <subfield code="a">http://hdl.handle.net/10459.1/66826</subfield>
   </datafield>
   <datafield tag="653" ind2=" " ind1=" ">
      <subfield code="a">Authentication</subfield>
   </datafield>
   <datafield tag="653" ind2=" " ind1=" ">
      <subfield code="a">Primary metabolites</subfield>
   </datafield>
   <datafield tag="653" ind2=" " ind1=" ">
      <subfield code="a">Phenolic compounds</subfield>
   </datafield>
   <datafield ind2="0" ind1="0" tag="245">
      <subfield code="a">Combined analysis of primary metabolites and phenolic compounds to authenticate commercial monovarietal peach purees and pear juices</subfield>
   </datafield>
</record></metadata></record></GetRecord></OAI-PMH>